=LDR 00000nam 2200000 4500 =001 INLIS000000000025381 =005 20130612123909 =008 ***********************************Ind** =035 ##$$0010-061300000025381 =041 ##$$a Ind =082 ##$$a 745.5 =090 ##$$a 745.5, Sam k =100 ##$$a Samad, Rikiy Brilianto =245 ##$$a Kreasi rumah boneka, riky Brilianto Samad =260 ##$$a 2005 $b Jakarta =300 ##$$a 66 hlm, 23 cm =650 ##$$a Rumah boneka =850 ##$$a NBPNMAT